Normal view
MARC view
Entry Personal Name
001 - CONTROL NUMBER
- control field: 6373
003 - CONTROL NUMBER IDENTIFIER
- control field: ARRUPE
005 - DATE AND TIME OF LATEST TRANSACTION
- control field: 20131220153948.0
008 - FIXED-LENGTH DATA ELEMENTS
- fixed length control field: 131220|| aca||aabn | a|a d
040 ## - CATALOGING SOURCE
- Original cataloging agency: ARRUPE
- Transcribing agency: ARRUPE
100 ## - HEADING--PERSONAL NAME
- Personal name: Madu, Raphael Okechukwu,
- Dates associated with a name: 1955-
670 ## - SOURCE DATA FOUND
- Source citation: Work cat.: (ARRUPE)0: Madu, Raphael Okechukwu, 1955-, African symbols, proverbs, and myths :, 1992.